000 00249nam a2200097Ia 4500
001 715193
005 20250826162920.0
008 250824s9999 xx 000 0 und d
245 0 _aUZUN BEYAZ BULUT GELİBOLU
_cBUKET UZUNER
260 _bEVEREST YAYINLARI
999 _c715193
_d715193